00513 2200193 4500001002100000005001500021035002000036008004100056245007500097100001900172260003200191300001300223084001400236082000800250650001500258020002200273250000600295990001800301INLIS00000000000036020240813102842 a0010-0724000360240813 0 ind 1 aFakta Unik Dunia :bInilah Keajaiban Tubuh Manusia! /cHendry Hermawan aGinto, Lengoes aKlaten :bCable Book,c2009 a142 hlm. a001 LEN f a001 4aKarya Umum a978-979-035-021-2 a1 aP29/CP/24/360